| 000 | 00923cam a2200277 i 4500 | ||
|---|---|---|---|
| 001 | 19203408 | ||
| 003 | OSt | ||
| 005 | 20250625111258.0 | ||
| 008 | 160803s2017 enk b 001 0 eng | ||
| 020 | _a9781138183711 (hardcover) | ||
| 024 | _cUSD180.00 | ||
| 040 |
_aDLC _beng _cNUST _dNUST _erda |
||
| 050 | 0 | 0 | _aHD9715.A2 MYE |
| 100 | 1 |
_aMyers, Danny _eAuthor |
|
| 245 | 1 | 0 |
_aConstruction economics : _ba new approach / _cDanny Myers. |
| 250 | _aFourth edition. | ||
| 260 |
_aLondon : _bRoutledge, _c©2017. |
||
| 300 |
_axii, 346 pages : _bIllustrations ; _c26 cm. |
||
| 336 |
_atext _btxt _2rdacontent |
||
| 337 |
_aunmediated _bn _2rdamedia |
||
| 338 |
_avolume _bnc _2rdacarrier |
||
| 504 | _aIncludes bibliographical references and index. | ||
| 650 | 0 | _vConstruction industry. | |
| 650 | 0 | _vConstruction industry --- Management. | |
| 942 |
_2lcc _cBOOKS _hHD9715.A2 MYE _kHD _mMYE _n0 _eFourth edition. |
||
| 999 |
_c171630 _d171630 |
||